The art of resisting extreme natural forces / (رقم التسجيلة. 22525)
[ عرض عادي ]
| 000 -الفاتح | |
|---|---|
| حقل البيانات ثابتة الطول | 01575pam a22003977a 4500 |
| 001 - رقم الضبط | |
| رقم الضبط | 15048767 |
| 003 - محدد رقم الضبط | |
| رقم الضبط | OSt |
| 005 - وقت وتاريخ اخر تعامل مع التسجيلة | |
| رقم الضبط | 20150408114027.0 |
| 008 - عناصر البيانات ثابتة الطول - معلومات عامة | |
| حقل البيانات ثابتة الطول | 071018s2007 enka b 101 0 eng |
| 010 ## - رقم ضبط مكتبة الكونجرس | |
| رقم ضبط مكتبة الكونجرس | 2007534081 |
| 015 ## - رقم الببليوجرافية الوطنية | |
| رقم الببليوجرافية الوطنية | GBA724844 |
| المصدر | bnb |
| 016 7# - رقم ضبط الوكاله الوطنية للضبط الببليوجرافي | |
| رقم ضبط التسجيلة | 013705028 |
| المصدر | Uk |
| 020 ## - الرقم الدولى المعيارى للكتب | |
| الرقم الدولى المعيارى للكتاب | 9781845640866 |
| 020 ## - الرقم الدولى المعيارى للكتب | |
| الرقم الدولى المعيارى للكتاب | 1845640861 |
| 035 ## - رقم ضبط النظام | |
| رقم ضبط النظام | (OCoLC)ocn122284715 |
| 040 ## - مصدر الفهرسة | |
| وكالة الفهرسة الأصلية | UKM |
| وكالة النسخ | UKM |
| وكالة التعديل | YDXCP |
| -- | BTCTA |
| -- | BAKER |
| -- | C#P |
| -- | DLC |
| 042 ## - رمز التحقق | |
| رمز التحقق | ukblsr |
| -- | lccopycat |
| 050 00 - رقم طلب مكتبة الكونجرس | |
| رقم التصنيف | TH1094 |
| رقم المادة | .I58 2007 |
| 082 04 - رقم تصنيف ديوى العشرى | |
| رقم التصنيف | 693.8 |
| رقم الطبعة | 22 |
| 111 2# - المدخل الرئيسى - اسم مؤتمر | |
| اسم المؤتمر أو اسم السلطة كمدخل | International Conference on the Art of Resisting Extreme Natural Forces |
| رقم جزء/قسم/الاجتماع | (1st : |
| تاريخ الاجتماع | 2007 : |
| موقع المؤتمر | Wessex Institute of Technology) |
| 9 (RLIN) | 12082 |
| 245 14 - بيان العنوان | |
| العنوان | The art of resisting extreme natural forces / |
| بيان المسئوليه,etc | editors, S. Hernández, C.A. Brebbia. |
| 260 ## - PUBLICATION, DISTRIBUTION, ETC. (IMPRINT) | |
| مكان الناشر او الموزع | Southampton : |
| اسم الناشر او الموزع | WIT, |
| تاريخ النشر أو التوزيع | c2007. |
| 300 ## - الوصف المادى | |
| التعداد | 121 p. : |
| تفاصيل ماديه اخرى للوعاء | ill. ; |
| أبعاد الوعاء | 24 cm. |
| 440 #0 - بيان السلسلة/مدخل إضافى-العنوان | |
| العنوان | WIT transactions on engineering sciences ; |
| رقم المجلد/ التعيين التسلسلي | v. 58 |
| 9 (RLIN) | 12083 |
| 504 ## - تبصرة ببليوجرافية | |
| تبصرة ببليوجرافية,الخ | Includes bibliographical references and index. |
| 650 #0 - المدخل الاضافى بالموضوع-مصطلح موضوعى | |
| مصطلح موضوعي أو اسم جغرافي كعنصر مدخل | Buildings |
| التقسيم الفرعي العام | Natural disaster effects |
| التقسيم الفرعي الشكلي | Congresses. |
| 9 (RLIN) | 12084 |
| 650 #0 - المدخل الاضافى بالموضوع-مصطلح موضوعى | |
| مصطلح موضوعي أو اسم جغرافي كعنصر مدخل | Structural engineering |
| التقسيم الفرعي الشكلي | Congresses. |
| 9 (RLIN) | 12085 |
| 650 #0 - المدخل الاضافى بالموضوع-مصطلح موضوعى | |
| مصطلح موضوعي أو اسم جغرافي كعنصر مدخل | Load factor design |
| التقسيم الفرعي الشكلي | Congresses. |
| 9 (RLIN) | 12086 |
| 653 1# - مصطلح تكشيفى غير مقيد | |
| مصطلح غير مقيد | Engineering nature |
| 653 1# - مصطلح تكشيفى غير مقيد | |
| مصطلح غير مقيد | Resisting extreme natural forces |
| 700 1# - المدخل الاضافى - اسم شخصى | |
| الإسم الشخصى | Hernández, S. |
| الشكل الأكمل للاسم | (Santiago), |
| التواريخ المصاحبة للاسم | 1951- |
| 9 (RLIN) | 12001 |
| 700 1# - المدخل الاضافى - اسم شخصى | |
| الإسم الشخصى | Brebbia, C. A. |
| 9 (RLIN) | 11979 |
| 856 41 - الوصول و الموقع الالكترونى | |
| مواد محددة | Table of contents |
| معرف المصدر الموحد | <a href="http://www.loc.gov/catdir/toc/fy0802/2007534081.html">http://www.loc.gov/catdir/toc/fy0802/2007534081.html</a> |
| 942 ## - عناصر المدخل الإضافي( كوها) | |
| مصدر التصنيف او مخطط الترفيف | Dewey Decimal Classification |
| Koha [default] item type | كتاب |
| حالة الفقد | نموذج السعر الفعال | حالة تلف | ليس للاعارة | رقم الطلب | تاريخ الاكتساب | الموقع الحالي | الباركود | الفرع الرئيسي | Date last seen | نوع المادة فى نظام كوها | مصدر التصنيف او خطة الترفيف | Total Checkouts |
|---|---|---|---|---|---|---|---|---|---|---|---|---|
| 2013-03-10 | 693.8 A R R | 2012-04-27 | المكتبة المركزية بالمجمعة (CL) | 00085417 | المكتبة المركزية بالمجمعة (CL) | 2013-03-10 | كتاب | Dewey Decimal Classification |
